Rappers by Song pt 2 - Statistics

General Stats
  • This quiz has been taken 143 times
  • The average score is 10 of 16
Answer Stats
Hint Answer % Correct
Old Town Road Lil Nas X
91%
The Box Roddy Ricch
91%
XO Tour Llif3 Lil Uzi Vert
90%
Ransom Lil Tecca
89%
Jimmy Cooks Drake
83%
Rockstar Post Malone
83%
Candy Shop 50 Cent
80%
Dior Pop Smoke
77%
A Lot 21 Savage
75%
Doja Central Cee
57%
Rockstar Da Baby
55%
Miss The Rage Trippie Redd
49%
X Gon’ Give It To Ya DMX
48%
Laugh Now Cry Later Lil Durk
42%
I’ll be missing you P. Diddy
19%
Walk Playboy Carti
3%
No matching quizzes found
Score Distribution
Percent of People with Each Score
Percentile by Number Answered
Your Score History
You have not taken this quiz